000 00704nam a2200277Ia 4500
005 20260324121327.0
008 008 260324s9999 xx 000 0 eng d
020 _a9781315734187
037 _aEBOOK
040 _aCRL
040 _beng
040 _cCRL
041 _2eng
041 _aeng
084 _qCRL
100 _aVishal Narain; Chanda Gurung Goodrich; Jayati Chourey; Anjal Prakash
_91162087
245 0 _aGlobalization of Water Governance in South Asia
260 _bTaylor and Francis
260 _c2014
365 _a
365 _b230
856 _uhttp://www.taylorfrancis.com/books/9781315734187
942 _cEBOOK
999 _c1754116
_d1754116